|
|
|
|
| LEADER |
01156nam a2200349 4500 |
| 001 |
000008510 |
| 003 |
4700 |
| 005 |
20111019081050.0 |
| 008 |
111019s2006 viesd |
| 020 |
|
|
|c 31900đ
|
| 041 |
0 |
|
|a vie
|
| 082 |
|
|
|a 543.076
|b NG-T
|
| 100 |
0 |
|
|a Nguyễn Đình Triệu
|e Tác giả
|
| 245 |
|
0 |
|a Bài tập và thực tập các phương pháp phổ
|c Nguyễn Đình Triệu
|
| 250 |
|
|
|a In lần thứ 2
|
| 260 |
|
|
|a H.
|b Đại học Quốc gia
|c 2006
|
| 300 |
|
|
|a 262 tr. Hình vẽ; sơ đồ
|c 27 cm
|
| 653 |
|
|
|a Bài tập
|
| 653 |
|
|
|a Phương pháp phổ
|
| 653 |
|
|
|a Thực tập
|
| 700 |
|
|
|a Nguyễn Đình Triệu
|e Tác giả
|
| 910 |
|
|
|a duyên
|
| OWN |
|
|
|a LSP
|
| AVA |
|
|
|a UDN50
|b LSP
|d 543.076 NG-T
|e available
|t Error 5001 Not defined in file expand_doc_bib_avail.
|f 10
|g 0
|h N
|i 0
|k 1
|
| 999 |
|
|
|a From the UDN01
|
| AVA |
|
|
|a UDN50
|b LSP
|d 543.076 NG-T
|e available
|t Error 5001 Not defined in file expand_doc_bib_avail.
|f 10
|g 0
|h N
|i 0
|k 1
|
| TYP |
|
|
|a Monograph
|
| TYP |
|
|
|a Printed language
|
| 980 |
|
|
|a Mạng thư viện Đại học Đà Nẵng
|